000 01176cam a2200361Ma 4500
001 9598585
005 20170105102854.0
008 120706s2012 enk b 001 0 eng d
020 _a9781441157133 (hbk.)
020 _a1441157131 (hbk.)
020 _a9781441123879 (PDF ebook)
020 _a1441123873 (PDF ebook)
020 _a9781441170521 (ePub ebook)
020 _a1441170529 (ePub ebook)
024 _a60001635009
035 _a(OCoLC)ocn801924010
035 _a(NNC)9598585
040 _aNLE
_cNLE
_dYDXCP
_dNhCcYBP
050 4 _aD726.8
_b.B53 2012
082 0 4 _a909.822
_223
100 1 _aBlack, Jeremy.
245 1 0 _aAvoiding armageddon :
_bfrom the Great War to the fall of France, 1918-40 /
_cJeremy Black.
260 _aLondon :
_bBloomsbury,
_c2012.
300 _axxii, 304 p. ;
_c25 cm.
504 _aIncludes bibliographical references and index.
650 0 _aMilitary history, Modern
_y20th century.
650 0 _aMilitary art and science
_xHistory
_y20th century.
650 0 _aPolitics and war
_xHistory
_y20th century.
650 0 _aWorld War, 1939-1945
_xCauses.
942 _2ddc
_cBK
948 1 _a20120920
_bc
_crad1
_dMPS
999 _c14410
_d14410